Knife Under My Pillow by Maggie Lindemann - lyrics - Statistics

General Stats
  • This quiz has been taken 12 times
  • The average score is 156 of 197
Answer Stats
Answer % Correct
a
100%
hear
100%
I
100%
me
100%
so
100%
some
100%
sorry
100%
to
100%
you
100%
all
90%
but
90%
can't
90%
don't
90%
freak
90%
in
90%
it's
90%
knife
90%
mean
90%
my
90%
out
90%
pillow
90%
someone
90%
the
90%
under
90%
again
80%
at
80%
awake
80%
checking
80%
down
80%
head
80%
house
80%
inside
80%
keeping
80%
lights
80%
mind
80%
not
80%
on
80%
paranoia
80%
slipping
80%
spine
80%
staring
80%
this
80%
without
80%
feeling
70%
got
70%
heart
70%
I'm
70%
is
70%
I've
70%
locks
70%
loud
70%
running
70%
window
70%
before
60%
chill
60%
crying
60%
just
60%
know
60%
pretty
60%
racing
60%
sleep
60%
wolf
60%
erase
50%
for
50%
oh
50%
sure
50%
there's
50%
time
50%
dear
40%
happen
40%
holding
40%
life
40%
made
40%
paralyzed
40%
why's
40%
call
30%
fears
20%
No matching quizzes found
Score Distribution
Percent of People with Each Score
Percentile by Number Answered
Your Score History
You have not taken this quiz